Are You A Robot Test? - Statistics

General Stats
  • This quiz has been taken 506 times
  • The average score is 24 of 27
Answer Stats
Question Tile Select % Correct
Pictures With A Person No
96%
Pictures With A Person No
96%
Pictures With A Person No
95%
Pictures With A Person No
95%
Pictures With A Person Yes
95%
Pictures With A Person No
95%
Pictures With A Person Yes
94%
Pictures With A Person Yes
92%
Pictures With A House No
89%
Pictures With A House No
89%
Pictures With A Road No
88%
Pictures With A Road No
88%
Pictures With A Road No
88%
Pictures With A House No
88%
Pictures With A Road Yes
87%
Pictures With A Road Yes
87%
Pictures With A Road No
87%
Pictures With A House Yes
87%
Pictures With A House No
87%
Pictures With A House Yes
86%
Pictures With A Person Yes
85%
Pictures With A Road Yes
85%
Pictures With A House Yes
85%
Pictures With A House Yes
85%
Pictures With A House Yes
85%
Pictures With A Road Yes
80%
Pictures With A Road Yes
79%
No matching quizzes found
Score Distribution
Percent of People with Each Score
Percentile by Number Answered
Your Score History
You have not taken this quiz